000 00305nam a22001217a 4500
008 230620b xxu||||| |||| 00| 0 eng d
082 _a320.94
_bCON
100 _cRobert Conquest
245 _aThe Soviet Political System
260 _aLondon
_bThe Bodley Head Ltd
_c1968
300 _a144p
942 _2ddc
_cBK
999 _c1633
_d1633